[Event "ROM-ch"]
[Site "Targu Mures"]
[Date "2014.05.01"]
[Round "7"]
[White "Banzea, Alexandru Bogdan"]
[Black "Stoicescu, Horia"]
[Result "1-0"]
[WhiteElo "2013"]
[BlackElo "1896"]
[PlyCount "95"]
[EventDate "2014.04.26"]
[EventType "swiss"]
[EventRounds "11"]
[EventCountry "ROU"]
[SourceTitle "CBM 160 Extra"]
[Source "ChessBase"]
[SourceDate "2014.07.01"]
[SourceVersion "1"]
[SourceVersionDate "2014.07.01"]
[SourceQuality "1"]

1. e4 e6 2. d4 d5 3. e5 Qd7 4. Nf3 b6 5. Bd3 Ba6 6. 0-0 c5 7. c3 Bxd3 8. Qxd3 Nc6 9. Bf4 c4 10. Qe2 Na5 11. Nbd2 h6 12. Ne1 Rc8 13. Nc2 Qa4 14. Ne3 Ne7 15. g4 g6 16. Bg3 h5 17. h3 hxg4 18. hxg4 Rc7 19. f4 Kd8 20. Nf3 Kc8 21. Kg2 Kb7 22. a3 Nb3 23. Rac1 Qe8 24. Rh1 Bg7 25. Rxh8 Qxh8 26. Rh1 Qg8 27. Bh4 a5 28. Qf1 Nc6 29. Rh3 b5 30. Kf2 b4 31. axb4 axb4 32. f5 bxc3 33. bxc3 Qa8 34. Qe1 gxf5 35. gxf5 Qa2+ 36. Kg3 Bh6 37. Rh2 Qa8 38. Bf6 Bxe3 39. Qxe3 Rc8 40. Rh7 Rc7 41. Ng5 Qe8 42. Rh8 Qd7 43. Rf8 exf5 44. Nxf7 Ne7 45. Nd6+ Kc6 46. Bxe7 Qxe7 47. Rf6 Qg7+ 48. Kf2 1-0

[Event "ROM-ch"]
[Site "Baile Olanesti"]
[Date "2013.02.23"]
[Round "10"]
[White "Stoicescu, Horia"]
[Black "Kaunz, Werner"]
[Result "0-1"]
[WhiteElo "1931"]
[BlackElo "1822"]
[PlyCount "128"]
[EventDate "2013.02.16"]
[EventType "swiss"]
[EventRounds "11"]
[EventCountry "ROU"]
[SourceTitle "CBM 153 Extra"]
[Source "ChessBase"]
[SourceDate "2013.04.22"]
[SourceVersion "1"]
[SourceVersionDate "2013.04.22"]
[SourceQuality "1"]

1. e4 e6 2. d4 d5 3. e5 c5 4. dxc5 Bxc5 5. Bd3 Qb6 6. Qe2 Nc6 7. Nf3 Qc7 8. a3 Nge7 9. 0-0 Ng6 10. Re1 Nd4 11. Nxd4 Bxd4 12. Bxg6 hxg6 13. c3 Bc5 14. Bf4 Bd7 15. Nd2 a6 16. b4 Be7 17. Qe3 a5 18. Nf3 Bb5 19. Nd4 Bc4 20. Bg5 a4 21. Bxe7 Qxe7 22. Qg3 Qh4 23. Re3 Qxg3 24. fxg3 Kd7 25. Rf3 Raf8 26. Re1 g5 27. g4 Ke7 28. Rfe3 Rh4 29. Rg3 Rh6 30. Rge3 Rh4 31. Nf3 Rxg4 32. h3 Re4 33. Nxg5 Rxe3 34. Rxe3 f6 35. exf6+ Rxf6 36. Nf3 Kd6 37. Kh2 Bb5 38. Kg3 Bd7 39. Kh4 Rf8 40. Kg5 Be8 41. g4 Rf6 42. h4 Bd7 43. h5 Be8 44. Kh4 e5 45. Kg3 e4 46. Nd2 b5 47. Re1 Ke5 48. Rf1 Rxf1 49. Nxf1 d4 50. cxd4+ Kxd4 51. Kf4 Kd3 52. Ne3 Bf7 53. Nf5 g6 54. h6 Bg8 55. Ng3 e3 56. Kg5 Bh7 57. Kf6 g5 58. Kg7 Be4 59. Kf6 e2 60. Nxe2 Kxe2 61. Kxg5 Kf3 62. Kh4 Kf4 63. Kh5 Bh7 64. Kh4 Bg6 0-1

[Event "ROM-ch"]
[Site "Baile Olanesti"]
[Date "2013.02.21"]
[Round "7"]
[White "Dumitrascu, Grigore"]
[Black "Stoicescu, Horia"]
[Result "1-0"]
[WhiteElo "1800"]
[BlackElo "1931"]
[PlyCount "43"]
[EventDate "2013.02.16"]
[EventType "swiss"]
[EventRounds "11"]
[EventCountry "ROU"]
[SourceTitle "CBM 153 Extra"]
[Source "ChessBase"]
[SourceDate "2013.04.22"]
[SourceVersion "1"]
[SourceVersionDate "2013.04.22"]
[SourceQuality "1"]

1. d4 Nf6 2. Nf3 e6 3. g3 b6 4. Bg2 Bb7 5. 0-0 c5 6. c3 d6 7. Bg5 Qc7 8. Bxf6 gxf6 9. Nbd2 f5 10. e3 Nd7 11. Re1 Nf6 12. Rc1 Bg7 13. Qc2 0-0 14. c4 cxd4 15. exd4 Ne4 16. Nh4 Nxf2 17. Kxf2 Bxd4+ 18. Kf1 Bxg2+ 19. Nxg2 Qc6 20. b3 Rac8 21. Qd3 Qc5 22. b4 1-0

[Event "ROM-ch"]
[Site "Baile Olanesti"]
[Date "2013.02.19"]
[Round "5"]
[White "Ciorica, Mihai Vlad"]
[Black "Stoicescu, Horia"]
[Result "1-0"]
[WhiteElo "1773"]
[BlackElo "1931"]
[PlyCount "65"]
[EventDate "2013.02.16"]
[EventType "swiss"]
[EventRounds "11"]
[EventCountry "ROU"]
[SourceTitle "CBM 153 Extra"]
[Source "ChessBase"]
[SourceDate "2013.04.22"]
[SourceVersion "1"]
[SourceVersionDate "2013.04.22"]
[SourceQuality "1"]

1. e4 e6 2. d4 c5 3. Nf3 cxd4 4. Nxd4 a6 5. Nc3 Qc7 6. f4 b5 7. a3 Bb7 8. Be2 Bc5 9. Be3 Nf6 10. Qd3 d5 11. e5 Ne4 12. Bf3 Nc6 13. Bxe4 Nxd4 14. Bxd4 dxe4 15. Nxe4 Bxe4 16. Qxe4 Bxd4 17. Qxa8+ Ke7 18. Qe4 Rd8 19. 0-0-0 Qc4 20. Kb1 Rd5 21. c3 f5 22. exf6+ Bxf6 23. Qxc4 bxc4 24. Rxd5 exd5 25. Rd1 Kd6 26. Kc2 h5 27. g3 Ke6 28. b3 cxb3+ 29. Kxb3 Kd6 30. h3 Kc5 31. g4 g6 32. Re1 Kd6 33. Re8 1-0

[Event "ROM-ch"]
[Site "Baile Olanesti"]
[Date "2013.02.17"]
[Round "2"]
[White "Stoicescu, Horia"]
[Black "Dolana, Andrei Theodor"]
[Result "0-1"]
[WhiteElo "1931"]
[BlackElo "2199"]
[PlyCount "56"]
[EventDate "2013.02.16"]
[EventType "swiss"]
[EventRounds "11"]
[EventCountry "ROU"]
[SourceTitle "CBM 153 Extra"]
[Source "ChessBase"]
[SourceDate "2013.04.22"]
[SourceVersion "1"]
[SourceVersionDate "2013.04.22"]
[SourceQuality "1"]

1. d4 d5 2. Nf3 Nf6 3. e3 e6 4. Bd3 c5 5. c3 Nc6 6. Ne5 Bd6 7. f4 Ne4 8. Bxe4 dxe4 9. 0-0 0-0 10. Nd2 f5 11. Nxc6 bxc6 12. Qa4 Qc7 13. b4 cxb4 14. cxb4 a5 15. Ba3 Ba6 16. Rfc1 Bb5 17. Qb3 Qe7 18. Nc4 axb4 19. Nxd6 Rxa3 20. Qxb4 Rxe3 21. a4 Bd3 22. Rxc6 Qh4 23. g3 Rxg3+ 24. hxg3 Qxg3+ 25. Kh1 Be2 26. Rc3 e3 27. Rxe3 Qxe3 28. Ra3 Bf3+ 0-1

[Event "ROM-ch"]
[Site "Sarata Monteoru"]
[Date "2012.02.20"]
[Round "10"]
[White "Senetia, Teodor"]
[Black "Stoicescu, Horia"]
[Result "1-0"]
[WhiteElo "2198"]
[BlackElo "1909"]
[PlyCount "73"]
[EventDate "2012.02.13"]
[EventType "swiss"]
[EventRounds "11"]
[EventCountry "ROU"]
[SourceTitle "CBM 147 Extra"]
[Source "ChessBase"]
[SourceDate "2012.04.24"]
[SourceVersion "1"]
[SourceVersionDate "2012.04.24"]
[SourceQuality "1"]

1. e4 c5 2. Nf3 d6 3. d4 Nd7 4. Nc3 e6 5. Be2 a6 6. a4 Qc7 7. a5 Ngf6 8. 0-0 Be7 9. h3 0-0 10. Re1 e5 11. d5 b5 12. axb6 Nxb6 13. Be3 g6 14. Nd2 Bb7 15. Nb3 Nxe4 16. Nxe4 Bxd5 17. Ned2 f5 18. c4 Be6 19. Bh6 Rf7 20. Na5 Bf6 21. Qc1 Rb8 22. Nf3 Bc8 23. Bd2 Nd7 24. Nh2 Nf8 25. Nf1 Qb6 26. Rb1 f4 27. b4 Bf5 28. Rb3 Ne6 29. bxc5 Qxb3 30. Nxb3 Rxb3 31. cxd6 Nc5 32. Qa1 g5 33. Qa5 Nb7 34. Qxa6 Kg7 35. c5 Nxc5 36. Qc4 e4 37. Qxc5 1-0

[Event "ROM-ch"]
[Site "Sarata Monteoru"]
[Date "2012.02.18"]
[Round "8"]
[White "Stoicescu, Horia"]
[Black "Horvat, Dan Sebastian"]
[Result "0-1"]
[WhiteElo "1909"]
[BlackElo "2197"]
[PlyCount "38"]
[EventDate "2012.02.13"]
[EventType "swiss"]
[EventRounds "11"]
[EventCountry "ROU"]
[SourceTitle "CBM 147 Extra"]
[Source "ChessBase"]
[SourceDate "2012.04.24"]
[SourceVersion "1"]
[SourceVersionDate "2012.04.24"]
[SourceQuality "1"]

1. d4 d5 2. c4 c6 3. Nf3 Nf6 4. Nc3 a6 5. b3 b5 6. c5 Nbd7 7. h3 Qc7 8. Be3 g6 9. g3 Bg7 10. b4 e5 11. dxe5 Ne4 12. Bd4 Nxc3 13. Bxc3 Nxe5 14. Nxe5 Bxe5 15. Qd2 0-0 16. Bg2 a5 17. a3 axb4 18. Bxe5 Qxe5 19. 0-0 bxa3 0-1

[Event "ROM-ch"]
[Site "Sarata Monteoru"]
[Date "2012.02.17"]
[Round "6"]
[White "Stoicescu, Horia"]
[Black "Gavrilescu, David"]
[Result "1-0"]
[WhiteElo "1909"]
[BlackElo "1800"]
[PlyCount "49"]
[EventDate "2012.02.13"]
[EventType "swiss"]
[EventRounds "11"]
[EventCountry "ROU"]
[SourceTitle "CBM 147 Extra"]
[Source "ChessBase"]
[SourceDate "2012.04.24"]
[SourceVersion "1"]
[SourceVersionDate "2012.04.24"]
[SourceQuality "1"]

1. d4 e6 2. e4 d5 3. e5 c5 4. c3 Nc6 5. Nf3 Qb6 6. a3 Bd7 7. b4 cxd4 8. cxd4 Nge7 9. Nc3 Rc8 10. Na4 Qc7 11. Bb2 Ng6 12. Rc1 a6 13. h4 Nge7 14. Bd3 Rb8 15. Nc5 Nc8 16. Ng5 Bxc5 17. Rxc5 Qd8 18. Nxh7 Qe7 19. Qf3 a5 20. Qg3 g6 21. Nf6+ Kd8 22. b5 N6a7 23. a4 b6 24. Ba3 Nd6 25. Rc3 1-0

[Event "ROM-ch"]
[Site "Sarata Monteoru"]
[Date "2012.02.13"]
[Round "1"]
[White "Petrisor, Adrian Marian"]
[Black "Stoicescu, Horia"]
[Result "1-0"]
[WhiteElo "2385"]
[BlackElo "1909"]
[PlyCount "87"]
[EventDate "2012.02.13"]
[EventType "swiss"]
[EventRounds "11"]
[EventCountry "ROU"]
[SourceTitle "CBM 147 Extra"]
[Source "ChessBase"]
[SourceDate "2012.04.24"]
[SourceVersion "1"]
[SourceVersionDate "2012.04.24"]
[SourceQuality "1"]

1. d4 c6 2. c4 b5 3. cxb5 cxb5 4. Nf3 Nf6 5. e3 a6 6. Bd3 Bb7 7. 0-0 e6 8. Nbd2 d5 9. a4 bxa4 10. Qxa4+ Qd7 11. Qd1 Bd6 12. Ne5 Qc7 13. f4 0-0 14. Rf3 Nc6 15. Rh3 g6 16. Nxc6 Bxc6 17. Nf3 Bb5 18. Bb1 Qc4 19. Ne5 Bxe5 20. fxe5 Ne4 21. Bxe4 dxe4 22. Bd2 Rac8 23. Qe1 Qe2 24. Qh4 h5 25. Bc3 Qg4 26. Qxg4 hxg4 27. Rg3 Bd3 28. Rxg4 Kh7 29. Bb4 Rfe8 30. Bc5 Kh6 31. b4 Kh5 32. Rf4 Rc7 33. Ra2 g5 34. Rf6 Rg8 35. Raf2 Rg7 36. h3 Rh7 37. g4+ Kh4 38. Kg2 Rb7 39. Rd2 Bc4 40. Rb2 Bb5 41. Rbf2 Bc4 42. Bf8 a5 43. Rb2 Rb5 44. Rc2 1-0

[Event "ROM-ch op"]
[Site "Sarata Monteoru"]
[Date "2011.02.17"]
[Round "7"]
[White "Bors, Mircea"]
[Black "Stoicescu, Horia"]
[Result "1/2-1/2"]
[WhiteElo "1651"]
[BlackElo "1875"]
[PlyCount "81"]
[EventDate "2011.02.12"]
[EventType "swiss"]
[EventRounds "11"]
[EventCountry "ROU"]
[SourceTitle "EXT 2013"]
[Source "ChessBase"]
[SourceDate "2012.11.22"]
[SourceVersion "1"]
[SourceVersionDate "2012.11.22"]
[SourceQuality "1"]

1. d4 c6 2. c4 b5 3. e3 bxc4 4. Bxc4 d5 5. Bd3 e6 6. Nf3 Bd6 7. Nc3 f5 8. Bd2 Nf6 9. a3 0-0 10. 0-0 Ba6 11. Bxa6 Nxa6 12. b4 Ne4 13. Rc1 Nxc3 14. Rxc3 Nb8 15. Qb3 Qe7 16. Ne5 Bxe5 17. dxe5 Nd7 18. Rxc6 Nxe5 19. Rc2 Qb7 20. Rfc1 Rac8 21. Rxc8 Rxc8 22. Rxc8+ Qxc8 23. Qc3 Qxc3 24. Bxc3 Nc4 25. a4 g5 26. Bd4 a6 27. f4 Kf7 28. Kf2 g4 29. Ke2 Ke7 30. Kd3 Kd7 31. Kc3 Nd6 32. Kd3 h5 33. g3 Kc6 34. Bc5 Nf7 35. Bd4 Nh6 36. Bf6 Nf7 37. Bd4 Nd6 38. Bc3 Nc4 39. Bd4 Kd7 40. Kc3 Kc6 41. Kd3 1/2-1/2

[Event "ROM-ch op"]
[Site "Sarata Monteoru"]
[Date "2011.02.14"]
[Round "4"]
[White "Stoicescu, Horia"]
[Black "Condurat, Florin Marian"]
[Result "0-1"]
[WhiteElo "1875"]
[BlackElo "1759"]
[PlyCount "74"]
[EventDate "2011.02.12"]
[EventType "swiss"]
[EventRounds "11"]
[EventCountry "ROU"]
[SourceTitle "EXT 2013"]
[Source "ChessBase"]
[SourceDate "2012.11.22"]
[SourceVersion "1"]
[SourceVersionDate "2012.11.22"]
[SourceQuality "1"]

1. c4 e6 2. g3 d5 3. Bg2 c6 4. b3 f5 5. Bb2 Nf6 6. Nf3 Bd6 7. 0-0 Qe7 8. d4 0-0 9. Nbd2 Bd7 10. Ne5 Be8 11. Qc2 Bh5 12. Rae1 Nbd7 13. f3 Nxe5 14. dxe5 Bc5+ 15. Kh1 Nd7 16. e4 fxe4 17. fxe4 d4 18. b4 Bxb4 19. Bxd4 Qg5 20. Be3 Qxe5 21. Rb1 Bc5 22. Bf4 Rxf4 23. gxf4 Qc7 24. e5 Rf8 25. Be4 h6 26. Qb3 Qa5 27. Qd3 Rd8 28. Qh3 Be2 29. Qxe6+ Kh8 30. Nb3 Qxa2 31. Qf5 Nf8 32. Nxc5 Bxc4 33. Rg1 Bd5 34. Rxb7 Bxe4+ 35. Qxe4 Rd2 36. Rgxg7 Rxh2+ 37. Kg1 Qf2# 0-1

[Event "Ploiesti Conpet op"]
[Site "Ploiesti"]
[Date "2010.10.29"]
[Round "5"]
[White "Stoicescu, Horia"]
[Black "Sandulescu, Gheorghe"]
[Result "1-0"]
[WhiteElo "1935"]
[BlackElo "1886"]
[PlyCount "51"]
[EventDate "2010.10.23"]
[EventType "swiss"]
[EventRounds "9"]
[EventCountry "ROU"]
[SourceTitle "EXT 2012"]
[Source "ChessBase"]
[SourceDate "2011.11.24"]
[SourceVersion "1"]
[SourceVersionDate "2011.11.24"]
[SourceQuality "1"]

1. e4 e6 2. d4 d5 3. e5 c5 4. c3 Nc6 5. Nf3 Bd7 6. Be2 f6 7. 0-0 fxe5 8. dxe5 Qc7 9. Re1 0-0-0 10. Bf1 Be7 11. Bg5 h6 12. Bxe7 Ngxe7 13. Na3 a6 14. b4 Na7 15. bxc5 Qxc5 16. Qb3 Rhf8 17. Rab1 b5 18. c4 Kb7 19. cxb5 axb5 20. Rec1 Qb6 21. Nxb5 Bxb5 22. Bxb5 Nxb5 23. Qxb5 Qxb5 24. Rxb5+ Ka6 25. Rcb1 Nc8 26. Nd4 1-0

[Event "Ploiesti Conpet op"]
[Site "Ploiesti"]
[Date "2010.10.23"]
[Round "2"]
[White "Miroiu, George Catalin"]
[Black "Stoicescu, Horia"]
[Result "1-0"]
[WhiteElo "2219"]
[BlackElo "1935"]
[PlyCount "81"]
[EventDate "2010.10.23"]
[EventType "swiss"]
[EventRounds "9"]
[EventCountry "ROU"]
[SourceTitle "EXT 2012"]
[Source "ChessBase"]
[SourceDate "2011.11.24"]
[SourceVersion "1"]
[SourceVersionDate "2011.11.24"]
[SourceQuality "1"]

1. d4 Nf6 2. c4 g6 3. f3 c5 4. d5 Bg7 5. Nc3 d6 6. e4 0-0 7. Bg5 Na6 8. Qd2 Nc7 9. Bd3 a6 10. Nge2 Rb8 11. a4 b6 12. Rb1 e5 13. 0-0 Qe8 14. f4 Nd7 15. f5 f6 16. Be3 b5 17. cxb5 Qf7 18. bxa6 Bxa6 19. Bxa6 Nxa6 20. Nb5 Nb6 21. b3 Qd7 22. h4 Nb4 23. Rbc1 gxf5 24. Nxd6 fxe4 25. Nxe4 N6xd5 26. Bxc5 Rfd8 27. Rc4 Na6 28. Bd6 Qa7+ 29. Rf2 Ne3 30. Bxb8 Rxb8 31. Qc3 Nd1 32. Rc8+ Kf7 33. Nd6+ Ke6 34. Qc4+ Kd7 35. Qc6+ Ke7 36. Qe8+ Kxd6 37. Rc6+ Kd5 38. Qe6+ Ke4 39. Qc4+ Ke3 40. Qc1+ Ke4 41. Qc2+ 1-0

[Event "ROM-ch"]
[Site "Eforie Nord"]
[Date "2009.02.03"]
[Round "4"]
[White "Stoicescu, Horia"]
[Black "Senetia, Teodor"]
[Result "0-1"]
[WhiteElo "2040"]
[BlackElo "2217"]
[PlyCount "58"]
[EventDate "2009.01.31"]
[EventType "swiss"]
[EventRounds "9"]
[EventCountry "ROU"]
[SourceTitle "CBM 130 Extra"]
[Source "ChessBase"]
[SourceDate "2009.07.02"]
[SourceVersion "2"]
[SourceVersionDate "2009.07.15"]
[SourceQuality "1"]

1. d4 Nf6 2. Nf3 c5 3. e3 g6 4. Bd3 Bg7 5. 0-0 d6 6. c3 0-0 7. Nbd2 Nc6 8. Qe2 e5 9. dxe5 Nxe5 10. Nxe5 dxe5 11. e4 Qc7 12. a4 Be6 13. Nc4 Rad8 14. Bg5 h6 15. Bh4 g5 16. Bg3 Nd7 17. Ne3 a5 18. Bc4 Rfe8 19. Bxe6 Rxe6 20. Nd5 Qc6 21. b3 c4 22. b4 Nf6 23. Nxf6+ Bxf6 24. f3 Rd3 25. b5 Qd7 26. Bf2 Qd8 27. Be3 Be7 28. b6 Qc8 29. Kh1 Bc5 0-1

[Event "ROM-ch"]
[Site "Amara"]
[Date "2007.02.22"]
[Round "8"]
[White "Stoicescu, Horia"]
[Black "Clitan, Zaharia"]
[Result "1-0"]
[WhiteElo "2059"]
[BlackElo "1980"]
[PlyCount "77"]
[EventDate "2007.02.16"]
[EventType "swiss"]
[EventRounds "9"]
[EventCountry "ROU"]
[SourceTitle "CBM 117 Extra"]
[Source "ChessBase"]
[SourceDate "2007.05.09"]
[SourceVersion "1"]
[SourceVersionDate "2007.05.09"]
[SourceQuality "1"]

1. c4 c5 2. Nf3 Nf6 3. d4 cxd4 4. Nxd4 e6 5. a3 d5 6. cxd5 Nxd5 7. e4 Nf6 8. Nc3 Be7 9. Be3 a6 10. Bc4 Nbd7 11. Bxe6 fxe6 12. Nxe6 Qa5 13. Nxg7+ Kf7 14. Nf5 Ne5 15. Nxe7 Kxe7 16. 0-0 Be6 17. f4 Rad8 18. fxe5 Rxd1 19. exf6+ Kf7 20. Raxd1 Rg8 21. Rf2 Rg6 22. Bd4 Qh5 23. Re1 Rh6 24. g3 Bg4 25. e5 Be6 26. Ne2 Qg4 27. Nf4 Rh3 28. Nxe6 Rxg3+ 29. hxg3 Qxg3+ 30. Kf1 Qd3+ 31. Ree2 Qb1+ 32. Kg2 Qg6+ 33. Kf3 Kxe6 34. Ke3 Qg5+ 35. Kd3 Qc1 36. Bc3 Qd1+ 37. Rd2 Qb1+ 38. Rc2 Qd1+ 39. Ke3 1-0

[Event "ROM-ch"]
[Site "Amara"]
[Date "2007.02.20"]
[Round "6"]
[White "Stoicescu, Horia"]
[Black "Deliman, Antonio Emil"]
[Result "1/2-1/2"]
[WhiteElo "2059"]
[BlackElo "1702"]
[PlyCount "27"]
[EventDate "2007.02.16"]
[EventType "swiss"]
[EventRounds "9"]
[EventCountry "ROU"]
[SourceTitle "CBM 117 Extra"]
[Source "ChessBase"]
[SourceDate "2007.05.09"]
[SourceVersion "1"]
[SourceVersionDate "2007.05.09"]
[SourceQuality "1"]

1. d4 d5 2. c4 e6 3. Nc3 c6 4. cxd5 exd5 5. Qc2 Nf6 6. Bg5 Be7 7. e3 0-0 8. Bd3 Nbd7 9. Nge2 Re8 10. 0-0 Nf8 11. Bxf6 Bxf6 12. b4 a6 13. a4 Bd7 14. Rab1 1/2-1/2

[Event "ROM-ch"]
[Site "Amara"]
[Date "2007.02.19"]
[Round "5"]
[White "Popescu, Claudiu"]
[Black "Stoicescu, Horia"]
[Result "1-0"]
[WhiteElo "1802"]
[BlackElo "2059"]
[PlyCount "73"]
[EventDate "2007.02.16"]
[EventType "swiss"]
[EventRounds "9"]
[EventCountry "ROU"]
[SourceTitle "CBM 117 Extra"]
[Source "ChessBase"]
[SourceDate "2007.05.09"]
[SourceVersion "1"]
[SourceVersionDate "2007.05.09"]
[SourceQuality "1"]

1. e4 e5 2. Nf3 d6 3. d4 Nf6 4. Nc3 Nbd7 5. Bc4 Be7 6. Bxf7+ Kxf7 7. Ng5+ Kg8 8. Ne6 Qe8 9. Nxc7 Qg6 10. Nxa8 Qxg2 11. Rf1 exd4 12. Qxd4 Ne5 13. f4 Bh3 14. Qf2 Nc6 15. Rg1 Qxf2+ 16. Kxf2 Nd4 17. Bd2 Bd8 18. e5 dxe5 19. fxe5 Nh5 20. Ne2 Bh4+ 21. Ng3 Ne6 22. Ba5 Kf7 23. Nc7 Nxc7 24. Bxc7 Rc8 25. Bd6 Rxc2+ 26. Kf3 Nxg3 27. hxg3 Bg5 28. g4 Rc4 29. Rae1 Ke6 30. Re4 Rc2 31. Kg3 Kd5 32. Rb4 Be3 33. Rd1+ Rd2 34. Rxd2+ Bxd2 35. Kxh3 Bxb4 36. Bxb4 Kxe5 37. Bc3+ 1-0

[Event "Timisoara Brinzeu Memorial"]
[Site "Timisoara"]
[Date "2006.03.18"]
[Round "1"]
[White "Jianu, Vlad Cristian"]
[Black "Stoicescu, Horia"]
[Result "1-0"]
[WhiteElo "2492"]
[BlackElo "2059"]
[PlyCount "79"]
[EventDate "2006.03.18"]
[EventType "swiss"]
[EventRounds "9"]
[EventCountry "ROU"]
[SourceTitle "CBM 111 Extra"]
[Source "ChessBase"]
[SourceDate "2006.05.09"]
[SourceVersion "1"]
[SourceVersionDate "2006.05.09"]
[SourceQuality "1"]

1. d4 Nf6 2. c4 d6 3. Nf3 Nbd7 4. Nc3 e5 5. g3 Be7 6. Bg2 0-0 7. 0-0 c6 8. e4 a5 9. h3 Re8 10. Be3 a4 11. Qc2 Qa5 12. Rfe1 Bf8 13. Rad1 g6 14. Bf1 Bg7 15. d5 Bf8 16. Nd2 Nc5 17. b3 axb3 18. Nxb3 Qc7 19. Nxc5 dxc5 20. Rb1 Qa5 21. Rb3 Bd6 22. Reb1 Nh5 23. Kh2 Rf8 24. Bh6 Ng7 25. h4 Qc7 26. Bh3 Bxh3 27. Kxh3 Qd7+ 28. Kg2 Rfb8 29. Qb2 b5 30. dxc6 Qg4 31. f3 Qh5 32. Bxg7 Kxg7 33. Nxb5 Be7 34. Rd3 Rd8 35. Rbd1 Rd4 36. Nxd4 exd4 37. c7 Bd6 38. Qb7 Rxa2+ 39. R1d2 Rxd2+ 40. Rxd2 1-0

[Event "Ploiesti Master op"]
[Site "Ploiesti"]
[Date "2003.06.07"]
[Round "9"]
[White "Stoicescu, Horia"]
[Black "Adoamnei, Roxana Antonela"]
[Result "1-0"]
[WhiteElo "2069"]
[BlackElo "2070"]
[PlyCount "73"]
[EventDate "2003.05.30"]
[EventType "swiss"]
[EventRounds "9"]
[EventCountry "ROU"]
[SourceTitle "EXT 2004"]
[Source "ChessBase"]
[SourceDate "2003.11.25"]
[SourceVersion "1"]
[SourceVersionDate "2003.11.25"]
[SourceQuality "1"]

1. d4 c5 2. d5 d6 3. e4 e5 4. Bd3 Be7 5. Nf3 Bg4 6. Nbd2 a6 7. a4 Nd7 8. a5 Nf8 9. h3 Bh5 10. 0-0 Rc8 11. Qe2 Bg5 12. g4 Bxd2 13. Nxd2 Bg6 14. Nc4 h5 15. g5 h4 16. Qg4 Rc7 17. f4 Bh5 18. Qxh4 Ng6 19. Qg3 Re7 20. f5 Nf8 21. Be3 f6 22. g6 Rc7 23. Rf2 Ne7 24. b4 Nc8 25. c3 Nd7 26. Rb2 Ke7 27. Rab1 cxb4 28. cxb4 Rxc4 29. Bxc4 Qc7 30. Rc1 Qb8 31. Rbc2 Na7 32. Kg2 Nb5 33. Bxb5 axb5 34. Qf2 Qe8 35. Rc7 Bxg6 36. Rxb7 Rh5 37. Rcc7 1-0

[Event "Ploiesti Master op"]
[Site "Ploiesti"]
[Date "2003.06.01"]
[Round "3"]
[White "Stoicescu, Horia"]
[Black "Scurhan, Gheorghe"]
[Result "0-1"]
[WhiteElo "2069"]
[BlackElo "2130"]
[PlyCount "62"]
[EventDate "2003.05.30"]
[EventType "swiss"]
[EventRounds "9"]
[EventCountry "ROU"]
[SourceTitle "EXT 2004"]
[Source "ChessBase"]
[SourceDate "2003.11.25"]
[SourceVersion "1"]
[SourceVersionDate "2003.11.25"]
[SourceQuality "1"]

1. c4 Nf6 2. Nc3 g6 3. e4 d6 4. d4 Bg7 5. Be2 0-0 6. Bg5 c5 7. d5 a6 8. a4 a5 9. f4 Na6 10. Nf3 Bg4 11. 0-0 Nd7 12. Bd3 Nb4 13. Bb1 f6 14. Bh4 g5 15. Bg3 gxf4 16. Bxf4 Ne5 17. Qe2 Kh8 18. h3 Nxf3+ 19. gxf3 Bxh3 20. Rf2 e5 21. dxe6 Bxe6 22. Rh2 f5 23. exf5 Bxf5 24. Bxf5 Rxf5 25. Qe4 Bd4+ 26. Kh1 Rf7 27. Rd1 Qf6 28. Ne2 Be5 29. Rh6 Qe7 30. Bc1 Rg8 31. f4 Rg4 0-1

[Event "ROM-ch sf"]
[Site "Baile Tusnad"]
[Date "2000.??.??"]
[Round "1"]
[White "Manole, Vasile"]
[Black "Stoicescu, Horia"]
[Result "1-0"]
[WhiteElo "2337"]
[BlackElo "2066"]
[PlyCount "65"]
[EventDate "2000.05.??"]
[EventType "swiss"]
[EventRounds "11"]
[EventCountry "ROU"]
[SourceTitle "EXT 2001"]
[Source "ChessBase"]
[SourceDate "2000.11.22"]
[SourceVersion "1"]
[SourceVersionDate "2000.11.22"]
[SourceQuality "1"]

1. e4 c6 2. Nc3 g6 3. Bc4 e6 4. e5 d6 5. exd6 Bg7 6. d4 Qxd6 7. Nf3 Nf6 8. Bg5 Nbd7 9. Qd2 b5 10. Bd3 0-0 11. 0-0 Re8 12. Rfe1 Bb7 13. Bf4 Qf8 14. Ne4 Nxe4 15. Bxe4 Nf6 16. Bd3 Nd5 17. Bg5 f6 18. Be3 Rad8 19. a4 b4 20. Qe2 Qd6 21. Bc4 a5 22. Rad1 Bc8 23. Bc1 Kf7 24. Qe4 Qf8 25. h4 Bh6 26. h5 Bxc1 27. Rxc1 Qh6 28. hxg6+ hxg6 29. Bxd5 exd5 30. Qh4 Qxh4 31. Nxh4 Re4 32. Nf3 Rde8 33. Rxe4 1-0

[Event "Centrocoop op"]
[Site "Eforie Nord"]
[Date "2000.??.??"]
[Round "?"]
[White "Tamasanu, Tiberiu"]
[Black "Stoicescu, Horia"]
[Result "1-0"]
[WhiteElo "1680"]
[BlackElo "2040"]
[PlyCount "109"]
[EventDate "2000.??.??"]
[EventType "swiss"]
[EventRounds "9"]
[EventCountry "ROU"]
[SourceTitle "EXT 2004"]
[Source "ChessBase"]
[SourceDate "2003.11.25"]
[SourceVersion "1"]
[SourceVersionDate "2003.11.25"]
[SourceQuality "1"]

1. e4 c5 2. Nf3 e6 3. c4 e5 4. Nxe5 Qe7 5. Nf3 Qxe4+ 6. Be2 Nf6 7. 0-0 Be7 8. Re1 Nc6 9. Nc3 Qg6 10. d4 cxd4 11. Nh4 dxc3 12. Nxg6 hxg6 13. Bf3 Kf8 14. Bxc6 dxc6 15. bxc3 Be6 16. Bg5 Bxc4 17. Qd4 Be6 18. Qf4 Rc8 19. Rad1 Kg8 20. g4 Bd8 21. Bxf6 gxf6 22. Qa4 Bc7 23. Rxe6 fxe6 24. Qe4 Kg7 25. Rd7+ Kh6 26. Rxc7 Rxc7 27. Qf4+ g5 28. Qxc7 Rh7 29. Qd6 Kg6 30. Qxe6 Rf7 31. Qf5+ Kg7 32. f4 gxf4 33. Qxf4 Re7 34. g5 Rf7 35. gxf6+ Rxf6 36. Qc7+ Rf7 37. Qe5+ Kg6 38. h4 a6 39. h5+ Kh7 40. Qe6 Rg7+ 41. Kh2 Rg5 42. Qf7+ Rg7 43. Qf5+ Kh6 44. Qf6+ Kh7 45. Kh3 Rg1 46. Qf7+ Rg7 47. Qf5+ Kh6 48. Kh4 Rg1 49. Qf6+ Kh7 50. Qf5+ Kh6 51. Qf6+ Kh7 52. h6 Rg6 53. Qf7+ Kxh6 54. Qxb7 c5 55. Qc8 1-0